00605cam a22002057a 4500003000500000005001700005008004100022010001000063011001000073035001000083040000900093082001500102100003300117245004900150260008200199300001000281650002600291650005000317700003200367CHAP20220329141608.0971013s r 00010 d a70727 a71699 a81253 cCHAP a636.07bD300aDarío Sánchez, Héctor. 0aFisiopatología de la reproducción animal a(s.l.) :bInstituto Interamericano de Ciencias Agrícolas de la OEA,c(s.a.) a72 h.14aGanadoxEnfermedades.14aReproducción animalxEstudio y enseñanza.0 aGómez Sánchez, Gerardo.